| 000 | 00845nam a2200253 u 4500 | ||
|---|---|---|---|
| 001 | 000002731 | ||
| 003 | OSt | ||
| 005 | 20210511104329.0 | ||
| 008 | 090703s1985 dr r 000 0 spa d | ||
| 040 |
_aDO-SdBNP _bspa _cBNPHU |
||
| 041 | 1 | 7 |
_aspa _aeng |
| 082 | 4 |
_a336.3435 _bG956g,1985 _222 |
|
| 100 | 1 |
_aGuiliani Cury, Hugo. _96465 |
|
| 245 | 1 | 0 |
_aGlosario de términos de renegociacíon de deuda externa = _bGlossary of external debt renegotiation / _cHugo Guiliani Cury. |
| 250 | _a2a. ed. | ||
| 260 |
_aSanto Domingo : _bBanco Central de la República Dominicana, _c1985. |
||
| 300 |
_a68 p. ; _c21cm. |
||
| 500 | _aTexto en inglés y español | ||
| 590 | _aInventariado, 2018/BT | ||
| 650 | 4 |
_aDeuda externa _xGlosario, vocabularios, etc. _98601 |
|
| 910 | _aValidado. control de calidad. MFF | ||
| 942 |
_2ddc _cLF1 |
||
| 956 | _aVMateo | ||
| 999 |
_c2565 _d2565 |
||